|
|
|
|
| LEADER |
00829nab#a2200277#ar4500 |
| 001 |
000051513 |
| 003 |
SVKKK |
| 005 |
20050303140341.0 |
| 008 |
050218c2003 xo e sloo |
| FMT |
|
|
|
| 038 |
|
|
|a SVKKK
|
| 040 |
|
|
|a SVKKK
|b slo
|e AACR2
|
| 041 |
0 |
|
|a slo
|
| 044 |
|
|
|a xo
|c SK
|
| 080 |
|
|
|a 061.2
|2 1997
|
| 080 |
|
|
|a 364.446
|2 1997
|
| 100 |
1 |
|
|a Hrubovčák, Jozef
|4 aut
|
| 245 |
1 |
0 |
|a "Povedzte, nie je to láska Božia, keď fungujeme bez financii?" :
|b hovorí rehoľná sestra Stellamaris zo Sniny
|c Jozef Hrubovčák
|
| 300 |
|
|
|b Fotogr.
|
| 650 |
0 |
4 |
|a združenia občianske
|x Deti slnka / Čhave khamoro
|x podujatia kultúrno-výchovné
|z Snina (Slovensko)
|
| 773 |
0 |
|
|t Romano nevo ľil
|g Roč. 13, č. 572-579 (2002-2003), s. 17
|
| 974 |
|
|
|a Fav
|
| 992 |
|
|
|a RBX
|
| BAS |
|
|
|
| 852 |
|
|
|a SVKKK
|b BIB
|
| 998 |
|
|
|a ROM
|